000 00686nam a2200205Ia 4500
005 20260121110005.0
008 008 260114s9999 xx 000 0 hin d
020 _a9788132382157
037 _aEBOOK
040 _aCRL
_bhin
_cCRL
041 _ahin
_2hin
084 _qCRL
100 _aआयुषी पांचाल / Ayushi Panchal
_9940706
245 0 _aजैविक प्रक्रियाओं का अध्ययन / Jaivik Prakriyaon ka Adhyayan
260 _bभाषा प्रकाशन / Bhasha Prakashan
_c2023
856 _uhttps://bhashaprakashan.com/product-details/436606
942 _cEBOOK
999 _c1532371
_d1532371